000 00866nam a2200253 i 4500
001 bg
100 1 _aCHMIELOWSKI, Wojciech Z
245 1 0 _aZastosowania optymalizacji w gospodarce wodnej :
_bpodręcznik dla studentów wyższych szkół technicznych /
_cWojciech Z. Chmielowski ; Politechnika Krakowska im. Tadeusza Kościuszki.
260 _aKraków :
_bWydawnictwo PK,
_c2005.
300 _a455 s. :
_bil. ;
_c24 cm.
504 _aBibliogr. przy rozdz.
650 9 _aOptymalizacja
650 9 _aWoda
_xgospodarka
_xmodele matematyczne
655 _aPodręczniki akademickie
710 0 _aPolitechnika Krakowska im. Tadeusza Kościuszki
015 _aPB 6469/2006
020 _a8372423628
040 _cBPK
041 _apol
080 _a519.863:556.18](075.8)
920 _a83-7242-362-8
942 _cKS
008 s pl f |000 0 pol
999 _c51715
_d51715
856 _uhttp://koha.tu.koszalin.pl/cgi-bin/koha/opac-detail.pl?biblionumber=51715
_yKatalog online BPK